According to Netflix: How I Met Your Mother (Season 1) Quiz Stats

Quiz not verified by Sporcle

Also try: House Characters
Challenge
Share
Tweet
Embed
Score 0/22 Timer 05:00
1 Play Today
% Correct
The Slutty Pumpkin
91.6%
The Pineapple Incident
90.9%
Game Night
89.9%
Pilot
89.3%
Best Prom Ever
88.9%
Belly Full of Turkey
88.5%
The Limo
88.5%
Mary the Paralegal
87.3%
Nothing Good Happens After 2 A.M.
85.7%
The Duel
84.5%
Matchmaker
84.5%
% Correct
The Wedding
80.8%
The Sweet Taste of Liberty
73.4%
Cupcake
69.2%
Return of the Shirt
58.3%
Life Among the Gorillas
57%
Okay Awesome
54.4%
Purple Giraffe
50%
Come On
49.3%
Drumroll, Please
36.1%
Zip, Zip, Zip
35.4%
Milk
34.3%

You're not logged in!

Compare scores with friends on all Sporcle quizzes.
Sign Up with Email
OR
Log In

You Might Also Like...

Show Comments

Extras

Top Quizzes Today


Score Distribution

Your Account Isn't Verified!

In order to create a playlist on Sporcle, you need to verify the email address you used during registration. Go to your Sporcle Settings to finish the process.